BIOCHEMISTRY (Record no. 8748)

MARC details
000 -LEADER
fixed length control field 00446nam a22001817a 4500
005 - DATE AND TIME OF LATEST TRANSACTION
control field 20250415132604.0
008 - FIXED-LENGTH DATA ELEMENTS--GENERAL INFORMATION
fixed length control field 250411b |||||||| |||| 00| 0 eng d
020 ## - INTERNATIONAL STANDARD BOOK NUMBER
ISBN 978-81-312-6435-5
041 ## - LANGUAGE CODE
Language code of text/sound track or separate title eng
082 ## - DEWEY DECIMAL CLASSIFICATION NUMBER
Classification number 574.1 SAT-B
100 ## - MAIN ENTRY--AUTHOR NAME
Personal name SATYANARAYANA, U AND CHAKRAPANI, U
245 ## - TITLE STATEMENT
Title BIOCHEMISTRY
250 ## - EDITION STATEMENT
Edition statement 6TH, ED. 2021
260 ## - PUBLICATION, DISTRIBUTION, ETC. (IMPRINT)
Place of publication GURGAON
Name of publisher ELSEVIER
Year of publication 2021
300 ## - PHYSICAL DESCRIPTION
Number of Pages 777;P
650 ## - SUBJECT ADDED ENTRY--TOPICAL TERM
Topical Term BMLT
942 ## - ADDED ENTRY ELEMENTS (KOHA)
Koha item type Books
Holdings
Lost status Damaged status Collection code Home library Current library Shelving location Date acquired Source of acquisition Cost, normal purchase price Full call number Accession Number Koha item type
    NEW ARRIVAL SHELF JRU Library JRU Library SHELF-72-C 10/04/2025 PURCHASE 1825.00 574.1 28682 Books
    PARAMEDICAL JRU Library JRU Library SHELF-104-B 10/04/2025 PURCHASE 1825.00 574.1 28683 Books
    PARAMEDICAL JRU Library JRU Library SHELF-104-B 10/04/2025 PURCHASE 1825.00 574.1 28684 Books